Code for credibility. (Record no. 60412)
[ view plain ]
| 000 -LEADER | |
|---|---|
| fixed length control field | 00810cam a2200193 4500 |
| 001 - CONTROL NUMBER | |
| control field | ABS60762 |
| 008 - FIXED-LENGTH DATA ELEMENTS--GENERAL INFORMATION | |
| fixed length control field | 000000n1999 000 0 eng u |
| 035 ## - SYSTEM CONTROL NUMBER | |
| System control number | (Sirsi) u101259 |
| 100 ## - MAIN ENTRY--PERSONAL NAME | |
| Personal name | Jameson, A. |
| 245 ## - TITLE STATEMENT | |
| Title | Code for credibility. |
| 260 ## - PUBLICATION, DISTRIBUTION, ETC. | |
| Date of publication, distribution, etc. | 1999 |
| 490 ## - SERIES STATEMENT | |
| Series statement | Property Week |
| Volume/sequential designation | 64(24) 18 June 1999, 32-33(2) |
| 520 ## - SUMMARY, ETC. | |
| Summary, etc. | The Investment Property Forum has introduced a code of practice for reporting the performance of property funds. The code is voluntary at present but it is hoped that it will be adopted as an industry standard. Monitoring groups will be appointed periodically to recommend changes or alterations to the code. |
| 650 ## - SUBJECT ADDED ENTRY--TOPICAL TERM | |
| Topical term or geographic name entry element | FUND MANAGEMENT |
| 650 ## - SUBJECT ADDED ENTRY--TOPICAL TERM | |
| Topical term or geographic name entry element | PERFORMANCE REPORTING |
| 650 ## - SUBJECT ADDED ENTRY--TOPICAL TERM | |
| Topical term or geographic name entry element | PROPERTY FUNDS |
| 690 ## - LOCAL SUBJECT ADDED ENTRY--TOPICAL TERM (OCLC, RLIN) | |
| Topical term or geographic name as entry element | PROPERTY-PROPERTY FINANCE AND INVESTMENT |
| 942 ## - ADDED ENTRY ELEMENTS (KOHA) | |
| Suppress in OPAC | 0 |
| Withdrawn status | Lost status | Source of classification or shelving scheme | Damaged status | Not for loan | Home library | Current library | Shelving location | Date acquired | Total Checkouts | Full call number | Barcode | Date last seen | Copy number | Price effective from | Koha item type |
|---|---|---|---|---|---|---|---|---|---|---|---|---|---|---|---|
| Dewey Decimal Classification | London | London | Journal article | 03/11/1999 | ABS60762 | 101259-1001 | 06/08/2019 | 1 | 06/08/2019 | Journal article |